Aycha (Registro nro. 302608)

Detalles MARC
000 -ENCABEZADO
Número de control [NR] 01269nam a22002657a 4500
005 - FECHA Y HORA DE LA ÚLTIMA TRANSACCIÓN
control field 20231123152021.0
008 - DE LONGITUD FIJA DE DATOS DE ELEMENTOS - INFORMACIÓN GENERAL
Elementos de longitud fija [NR] 160129s1926 fr ||||fr|||| 001 0 fre d
040 ## - FUENTE DE CATALOGACION [NR]
Quien Cataloga Sandra Yazo
Quien Clasifica Sandra Yazo
041 1# - CODIGO DE IDIOMA [R]
Código de idioma para texto/pista de sonido o título separado [R] Francés
082 04 - NUMERO DE CLASIFICACION DECIMAL DEWEY [R]
Número de la edición [NR] 20
Número de clasificación [R] 823.91
092 ## - SIGNATURA TOPOGRAFICA LOCAL
Número de clasificación local E38N027
100 1# - ASIENTO PRINCIPAL--NOMBRE PERSONAL [NR]
Nombre personal [NR] Haggard, H. Rider‏
Títulos u otras palabras asociadas al nombre [R]
Forma más completa del nombre [NR] (Henry Rider)
ID Autoridad 75099
Fechas asociadas con el nombre [NR] 1856-1925‏
242 00 - TRADUCCION DEL TITULO POR LA AGENCIA CATALOGADORA [R]
Título [NR] Aycha
Mención de responsabilidad, etc. [NR] Henry Rider Haggard ; Traducción del inglés por Marcel Benoit
Código de idioma del título traducido [NR] spa
245 10 - MENCION DE TITULO [NR]
Título [NR] Aycha
Mención de responsabilidad, etc. [NR] Rider Haggard ; Traduit de l’anglais par Marcel Benoit
260 ## - PUBLICACION, DISTRIBUCION, ETC. (PIE DE IMPRENTA) [R]
Lugar de publicación, distribución, etc. [R] París (Francia)
Nombre del editor, distribuidor, etc. [R] Les éditions G. Grès et Cie. [Ediciones G. Grès y Compañía]
-- Imprimerie Floch [Imprenta Floch]
Fecha de publicación, distribución, etc. [R] 1926
300 ## - DESCRIPCION FISICA [R]
Extensión [R] vi, 274 páginas
Dimensiones [R] 18 x 12 cm.
500 ## - NOTA GENERAL [R]
Nota general [NR] Detalles físicos: Encuadernación rígida (holandesa) cartón forrado en papel. Lomo de tela texturizada, con letras en dorado. Guardas. Hoja de cortesía, empieza a desprenderse. Anteportada. Portada impresa en una sola tinta, con emblema del editor. Texto en una sola columna
506 ## - NOTA DE RESTRICCIONES DE ACCESO [R]
Condiciones de acceso [NR] Consulta en sala
546 ## - NOTA DE IDIOMA [R]
Nota de idioma [NR] Texto en francés
650 #7 - ASIENTO SECUNDARIO DE MATERIA - TERMINO TEMATICO [R]
9 (RLIN) 20487
Término temático o nombre geográfico como elemento de entrada [NR] Novela de aventuras
650 #7 - ASIENTO SECUNDARIO DE MATERIA - TERMINO TEMATICO [R]
9 (RLIN) 20530
Término temático o nombre geográfico como elemento de entrada [NR] Novela inglesa
650 #7 - ASIENTO SECUNDARIO DE MATERIA - TERMINO TEMATICO [R]
9 (RLIN) 272
Término temático o nombre geográfico como elemento de entrada [NR] Literatura inglesa
690 ## - ASUNTO AGREGADO LOCAL DE ENTRADA - TÉRMINO TEMÁTICO (OCLC, RLIN)
Acceso temático local Literatura europea
9 (RLIN) 26524
942 ## - ELEMENTOS DE ENTRADA AGREGADOS (KOHA)
Sistema de clasificación LOCAL
Tipo de ítem principal el descrito en 300a Libro
Edición 1
Clasificación E38N027
Existencias
Suprimido Perdido Sistema de clasificación Dañado No prestable Tipo de ítem específico Ubicación habitual Ubicación actual Localización Fecha de creación Forma de adquisición Costo Total préstamos Signatura topográfica Código de barras Última vez visto Ejemplar Price effective from Tipo de ítem
    LOCAL     Libro archivo Archivo Histórico Archivo Histórico Archivo histórico 29/01/2016 Donación 0.00   E38N027 L005328 29/01/2016 Ej.1 29/01/2016 Libro